A Dialogue between an uncle and his kinsman : Being a serious endeavour, for the instruction of youth in things of importance, to their temporal, spiritual, and eternal welfare. : Heads of families, that wish well to their houshold, are invited to put it into their hands. : [Eleven lines of Scripture texts].

Bibliographic Details
Format: eBook
Language:English
Published: Boston : [publisher not identified], Printed 1764.
Series:Early American imprints. Evans (1639-1800) ; no. 9636.
Subjects:
Online Access:Evans Digital Edition

MARC

Tag First Indicator Second Indicator Subfields
LEADER 00000cam a22000001a 4500
001 in00002139476
006 m e d #
007 cr mn mmmmabba
008 841106s1764 mau s 000 0 eng d
005 20260331143444.7
035 |z w030765 
035 |a MAAR8411064304B 
035 |9 mwa91-17958 
035 |a 317208 
035 |a aas03030765 
040 |a MWA  |c MWA  |e bdrb  |d UtOrBLW 
245 0 2 |a A Dialogue between an uncle and his kinsman :  |b Being a serious endeavour, for the instruction of youth in things of importance, to their temporal, spiritual, and eternal welfare. : Heads of families, that wish well to their houshold, are invited to put it into their hands. : [Eleven lines of Scripture texts]. 
264 1 |a Boston :  |b [publisher not identified],  |c Printed 1764. 
300 |a 6 unnumbered pages, vi, 111 pages, 1 unnumbered page ;  |c 15 cm. (octavo) 
336 |a text  |b txt  |2 rdacontent 
337 |a computer  |b c  |2 rdamedia 
338 |a online resource  |b cr  |2 rdacarrier 
500 |a Page ii numbered 2. 
500 |a A "Corrections" slip is mounted on verso of title page of the Huntington Library copy. 
510 4 |a Evans  |c 9636 
530 |a Microform version available in the Readex Early American Imprints series. 
533 |a Electronic text and image data.  |b [Chester, Vt. :  |c Readex, a division of Newsbank, Inc.,  |d 2002-2004.  |e Includes files in TIFF, GIF and PDF formats with inclusion of keyword searchable text.  |f (Early American imprints. First series ; no. 9636). 
500 |a Electronic resource. 
650 0 |a Youth  |x Conduct of life. 
655 7 |a Dialogues.  |2 rbgenr 
752 |a United States  |b Massachusetts  |d Boston. 
830 0 |a Early American imprints.  |n Series I,  |p Evans (1639-1800) ;  |v no. 9636. 
856 4 1 |u http://proxy.library.tamu.edu/login?url=https://opac.newsbank.com/select/evans/9636  |y Evans Digital Edition  |t 0 
999 |a MARS 
999 f f |s 343fcaa4-7626-3df2-8385-35a7d06f1f96  |i 57acddb4-40cd-39d7-a201-b3a7ec8a855f  |t 0 
952 f f |a Texas A&M University  |b College Station  |c Electronic Resources  |s www_evans  |d Available Online  |t 0  |h No information provided 
998 f f |t 0  |l Available Online